| 000 | 01271cam a22003735i 4500 | ||
|---|---|---|---|
| 999 |
_c29002 _d28973 |
||
| 001 | 15414357 | ||
| 003 | EG-ScBUE | ||
| 005 | 20201026120847.0 | ||
| 008 | 080815t20092009waua f 001 0 eng d | ||
| 020 | _a9780735625686 (pbk.) | ||
| 020 | _a0735625689 (pbk.) | ||
| 035 | _a(OCoLC)ocn225873413 | ||
| 040 |
_aBTCTA _beng _erda _cBTCTA _dBAKER _dYDXCP _dBWX _dIVJ _dOCLCQ _dDLC _dDLC _dEG-ScBUE |
||
| 082 | 0 | 4 |
_a005.1 _bDAI _222 |
| 100 | 1 |
_aDaiberl, Juergen, _eauthor. |
|
| 245 | 0 | 0 |
_aMicrosoft .NET and SAP / _cJuergen Daiberl [and three other] ; foreword by Neil Leslie. |
| 264 | 1 |
_aRedmond, Wash. : _bMicrosoft Press, _c[2009] |
|
| 264 | 4 | _cc2009 | |
| 300 |
_axvi, 461 pages : _billustrations ; _c24 cm |
||
| 336 |
_atext _btxt _2rdacontent |
||
| 337 |
_aunmediated _bn _2rdamedia |
||
| 338 |
_avolume _bnc _2rdacarrier |
||
| 500 | _aIncludes index. | ||
| 630 | 0 | 7 |
_aMicrosoft .NET Framework. _2BUEsh |
| 630 | 0 | 7 |
_aSAP ERP. _2BUEsh |
| 650 | 7 |
_aApplication software _xDevelopment. _2BUEsh |
|
| 650 | 7 |
_aComputer software _xDevelopment. _2BUEsh |
|
| 653 |
_bCOMSCI _cOctober2020 |
||
| 700 | 1 |
_aFox, Steve, _eauthor. |
|
| 700 | 1 |
_aAdams, Scott, _eauthor. |
|
| 700 | 1 |
_aReimer, Thomas, _eauthor. |
|
| 700 | 1 |
_aLeslie, Neil, _eauthor of introduction, etc. |
|
| 942 |
_2ddc _cBB |
||